Loading...
| Fine Arts - Classical Music | 0 | 7 | 3 | 1 | 55 | 39 | 101.00 | 0 | 1 | 12.23 | 25.87 |
| Philosophy | 0 | 5 | 0 | 0 | 50 | 76 | 103.80 | 0 | 2 | 5.70 | 24.07 |
| Fine Arts - Other | 0 | 4 | 2 | 2 | 30 | 118 | 121.50 | 0 | 0 | 1.62 | 8.92 |
| History - European | 0 | 2 | 0 | 0 | 20 | 116 | 117.50 | 0 | 0 | 2.00 | 7.98 |
| History - Other | 0 | 2 | 0 | 1 | 20 | 65 | 93.50 | 0 | 1 | 4.04 | 9.15 |
| Religion | 0 | 1 | 1 | 0 | 5 | 111 | 111.00 | 0 | 0 | 0.32 | 1.40 |
| Literature - British | 0 | 0 | 0 | 0 | 0 | 0.00 | 0 | 0 | 0.00 | 0.00 | |
| Science - Physics | 0 | 0 | 1 | 0 | -5 | 0.00 | 0 | 0 | 0.00 | 0.00 | |
| Fine Arts - Painting and Sculpture | 0 | 0 | 1 | 0 | -5 | 0.00 | 0 | 0 | 0.00 | 0.00 | |
| Popular Culture | 0 | 0 | 1 | 0 | -5 | 0.00 | 0 | 0 | 0.00 | 0.00 | |
| History - World | 0 | 0 | 2 | 0 | -10 | 0.00 | 0 | 0 | 0.00 | 0.00 |